000 01116nam1a2200301 i 4500
001 RU\NLR\bibl\935852
005 20240919173327.0
035 _a(NLR Aleph) 000924053
090 _a118113
_c118113
100 _a20060419g20049999u y0rusy50 ca
101 0 _arus
102 _aRU
105 _a||||z |||||
200 1 _aОбзор фискальной политики в Российской Федерации и за рубежом ...
_fВ. А. Кашин
210 _aМосква
_cИзд-во экономико-правовой литературы
_d2004
215 _d22
463 0 _1001743717
463 0 _1001857356
606 1 _aНалоговая политика
_yРоссийская Федерация
_92078751
_3RU\NLR\auth\661254615
606 1 _aНалоговая политика
_92334952
_3RU\NLR\auth\661396061
686 _aУ26(2)141.3-18
686 _aУ26(0)141.3-18
700 1 _aКашин
_bВ. А.
_gВладимир Анатольевич
_4070
801 0 _aRU
_bNLR
_c20060419
_grcr
801 1 _aRU
_bNLR
_c20060419
852 _aNLR
_j2005-5/2046
942 _cBOOK